[Event "Let's Play Chess!"]
[Site "http://www.queenalice.com/game.php?id=1802868"]
[Date "2022.12.29"]
[Round "-"]
[White "Scar"]
[Black "Barbudo"]
[Result "1-0"]
[WhiteElo "1609"]
[BlackElo "1728"]

1. e4 e5 2. Nf3 Nc6 3. c3 Nf6 4. Qc2 d5 5. exd5 Qxd5 6. b3 Qe4+ 7. Qxe4 Nxe4 8.
Bd3 Nc5 9. Bc2 Bg4 10. b4 Bxf3 11. gxf3 Ne6 12. Bb2 Be7 13. d3 O-O-O 14. Nd2 h5
15. h4 Nf4 16. Rh2 Nxd3+ 17. Bxd3 Rxd3 18. Ke2 Rhd8 19. Rd1 f5 20. b5 Na5 21.
Rhh1 Nc4 22. Nxc4 R3d5 23. Rxd5 Rxd5 24. a4 Bc5 25. Rd1 Rxd1 26. Kxd1 Bxf2 27.
Nxe5 Bxh4 28. Ng6 Bf6 29. Kd2 h4 30. Ke3 Kd8 31. Kf2 Ke8 32. Kg2 Kf7 33. Nf4 g6
34. Ne2 g5 35. Bc1 Kg6 36. c4 Kh5 37. Kh3 Be5 38. Be3 f4 39. Bxa7 Kg6 40. Kg4
Bf6 41. c5 c6 42. bxc6 bxc6 43. a5 1-0

[Event "Let's Play Chess!"]
[Site "http://www.queenalice.com/game.php?id=1802919"]
[Date "2022.12.31"]
[Round "-"]
[White "Charles56"]
[Black "Barbudo"]
[Result "1-0"]
[WhiteElo "1754"]
[BlackElo "1707"]

1. e4 e5 2. Nf3 d5 3. exd5 Qxd5 4. Nc3 Qe6 5. Qe2 Bd6 6. d4 exd4 7. Nxd4 Qxe2+
8. Bxe2 Nf6 9. h3 O-O 10. Be3 c5 11. Nf3 Bf5 12. Bd3 Bxd3 13. cxd3 Nc6 14. Na4
Nb4 15. Kd2 Rfd8 16. a3 Nbd5 17. Rae1 Rac8 18. Rc1 b5 19. Nc3 Nxc3 20. Rxc3 c4
21. b4 Be7 22. Bxa7 Ne4+ 23. Kc2 Nxc3 24. Kxc3 Ra8 25. Be3 Rxd3+ 26. Kb2 Raxa3
27. Nd4 Bf6 28. Re1 g5 29. g4 Bxd4+ 30. Bxd4 Rab3+ 31. Kc2 Rxd4 32. Re5 Rxh3 33.
Rxg5+ Kf8 34. Rxb5 Rf3 35. Rb8+ Kg7 36. b5 Rxf2+ 37. Kc3 Rxg4 38. b6 Rf3+ 39.
Kb4 c3+ 40. Kb3 Rg2 41. Rc8 Rb2+ 42. Ka3 c2+ 43. Kxb2 Rf2 44. b7 c1=Q+ 45. Kxc1
Rf1+ 46. Kc2 Rf2+ 47. Kc3 Rf3+ 48. Kc4 h5 49. b8=Q Rf4+ 50. Qxf4 1-0

[Event "Let's Play Chess!"]
[Site "http://www.queenalice.com/game.php?id=1803165"]
[Date "2023.1.2"]
[Round "-"]
[White "Barbudo"]
[Black "alterego"]
[Result "1-0"]
[WhiteElo "1717"]
[BlackElo "1593"]

1. e4 c5 2. d4 cxd4 3. Qf3 Nc6 4. Bc4 e6 5. Nh3 Ne5 6. Qe2 g6 7. Bf4 Nxc4 8.
Qxc4 Bg7 9. Nd2 a6 10. e5 Ne7 11. Qxd4 O-O 12. O-O Nf5 13. Qd3 b5 14. Bg5 f6 15.
exf6 Bxf6 16. Ne4 Qb6 17. Nxf6+ Kg7 18. Qc3 d5 19. Nxd5+ Qd4 20. Qxd4+ Nxd4 21.
Nb4 Bb7 22. Nf4 Rf5 23. Nh3 Rc8 24. Rad1 Rc4 25. c3 Ne2+ 26. Kh1 a5 27. Rd7+ Rf7
28. Rxf7+ Kxf7 29. Re1 Re4 30. f3 Ng3+ 31. hxg3 Rxe1+ 32. Kh2 Re2 33. Nd3 Bxf3
34. Nhf4 Rd2 35. Ne5+ Kg7 36. Nxe6+ Kg8 37. Bxd2 Bd5 38. Nc7 1-0

[Event "Let's Play Chess!"]
[Site "http://www.queenalice.com/game.php?id=1803166"]
[Date "2023.1.2"]
[Round "-"]
[White "Barbudo"]
[Black "ClivetheBeard"]
[Result "0-1"]
[WhiteElo "1680"]
[BlackElo "2665"]

1. d4 d5 2. Nf3 Bf5 3. c3 e6 4. Bf4 Nf6 5. e3 Bd6 6. Bd3 Bxd3 7. Qxd3 O-O 8. O-O
c5 9. Bg5 Nbd7 10. Re1 Qb6 11. b3 Ne4 12. Bf4 Bxf4 13. exf4 Rac8 14. Nbd2 cxd4
15. Nxd4 Rxc3 16. Qb5 Qxd4 17. Nxe4 dxe4 18. Rad1 Rd3 19. Rxd3 exd3 20. Rd1 Nc5
21. b4 Ne4 22. Rf1 Nxf2 23. Rxf2 d2 24. Qe2 d1=R+ 0-1

[Event "Challenge"]
[Site "http://www.queenalice.com/game.php?id=1803194"]
[Date "2023.1.2"]
[Round "-"]
[White "ClivetheBeard"]
[Black "Barbudo"]
[Result "1-0"]
[WhiteElo "2666"]
[BlackElo "1693"]

1. e4 e5 2. Nf3 Nc6 3. Bb5 a6 4. Ba4 b5 5. Bb3 Bc5 6. c3 Nf6 7. d4 exd4 8. e5
Ne4 9. Bd5 Nxc3 10. bxc3 O-O 11. cxd4 Bb4+ 12. Bd2 Bxd2+ 13. Qxd2 Rb8 14. O-O
Ne7 15. Be4 d5 16. exd6 Qxd6 17. Rc1 Bg4 18. Qc3 b4 19. Qc4 Rfc8 20. Nbd2 Rb5
21. Re1 Be6 22. Qc2 Bf5 23. Rac1 Bxe4 24. Nxe4 Qf4 25. Nc5 Nd5 26. Re5 Nf6 27.
Rce1 a5 28. Ne6 fxe6 29. Rxb5 Rd8 30. Rxe6 Re8 31. Qc4 Rxe6 32. Qxe6+ Kh8 33.
Rb8+ 1-0

[Event "Let's Play Chess!"]
[Site "http://www.queenalice.com/game.php?id=1803232"]
[Date "2023.1.5"]
[Round "-"]
[White "Charles56"]
[Black "Barbudo"]
[Result "1-0"]
[WhiteElo "1768"]
[BlackElo "1693"]

1. Nc3 e5 2. a3 Qh4 3. Nf3 Qf4 4. e4 Nf6 5. d4 exd4 6. Bxf4 d6 7. Nxd4 Be7 8. f3
O-O 9. Bc4 a6 10. g4 b5 11. Bb3 c5 12. Nde2 Nc6 13. h4 b4 14. axb4 Nxb4 15. Na2
Bd8 16. Bxd6 Re8 17. Bxc5 Nxa2 18. Rxa2 Bc7 19. Qd3 Bb7 20. Kf2 Red8 21. Qc4 Nd7
22. Bd4 1-0

[Event "Challenge"]
[Site "http://www.queenalice.com/game.php?id=1803384"]
[Date "2023.1.5"]
[Round "-"]
[White "Scar"]
[Black "Barbudo"]
[Result "1-0"]
[WhiteElo "1656"]
[BlackElo "1691"]

1. e4 e5 2. Nf3 Nc6 3. d4 Nf6 4. Nc3 Bb4 5. Qd3 exd4 6. Nxd4 Bxc3+ 7. bxc3 O-O
8. Be3 d5 9. f3 b6 10. Nxc6 Qd6 11. Nd4 c5 12. Ne2 c4 13. Qd2 Rd8 14. Rd1 Bb7
15. Qc1 Qe6 16. Nf4 Qe5 17. Bd4 Qe7 18. Be2 b5 19. O-O dxe4 20. fxe4 Qxe4 21.
Bf3 Qe7 22. Bxf6 Qxf6 23. Bxb7 Qb6+ 24. Kh1 Qxb7 25. Rxd8+ Rxd8 26. Rd1 Re8 27.
Rd2 g6 28. Qd1 Re4 29. Nd5 Qb8 30. Nf6+ Kg7 31. Nxe4 Qe5 32. Qf3 h5 33. h3 b4
34. cxb4 Qa1+ 35. Kh2 Qe5+ 36. g3 h4 37. Kg2 hxg3 38. Qc3 f6 39. Qxe5 fxe5 40.
Rd7+ Kh6 41. Rxa7 g5 42. Kxg3 Kg6 43. Kg4 c3 44. Ra6+ Kf7 45. Kxg5 Ke7 46. Kg6
Kd7 47. Nc5+ Kc7 48. Kf6 e4 49. Nxe4 Kb7 50. Rd6 Kc7 51. Ke6 Kb7 52. Nc5+ Ka7
53. Kd7 Ka8 54. Kc7 Ka7 55. Ra6# 1-0

[Event "Challenge"]
[Site "http://www.queenalice.com/game.php?id=1803385"]
[Date "2023.1.5"]
[Round "-"]
[White "Barbudo"]
[Black "Scar"]
[Result "1-0"]
[WhiteElo "1678"]
[BlackElo "1657"]

1. e4 e5 2. Nf3 d6 3. Nc3 Be6 4. Bd3 a6 5. O-O g5 6. Nd5 c6 7. Ne3 Bg7 8. b3 Ne7
9. Nxg5 h6 10. Nxe6 fxe6 11. Bc4 d5 12. exd5 exd5 13. Be2 Nd7 14. Bh5+ Kf8 15.
Qf3+ Bf6 16. Ng4 Ng8 17. Ba3+ Kg7 18. Qg3 c5 19. Nxe5+ Kf8 20. Bxc5+ Nxc5 21.
Ng6+ Kg7 22. Nxh8+ Kxh8 23. Rfe1 Ne4 24. Rxe4 Bxa1 25. Re8 Qxe8 26. Bxe8 Rxe8
27. h3 Re1+ 28. Kh2 Be5 29. f4 Bxf4 30. Qxf4 Re7 31. g4 b5 32. g5 h5 33. Qd4+
Kh7 34. Qd3+ Kh8 35. Qxd5 Rg7 36. d4 Ne7 37. Qe5 Ng6 38. Qd6 Kh7 39. Qxa6 Nf4
40. Qxb5 Kg6 41. Qe8+ Kxg5 42. Qe5+ Kg6 43. Qxf4 Kh7 44. d5 1-0

[Event "Challenge"]
[Site "http://www.queenalice.com/game.php?id=1803631"]
[Date "2023.1.10"]
[Round "-"]
[White "Scar"]
[Black "Barbudo"]
[Result "0-1"]
[WhiteElo "1616"]
[BlackElo "1689"]

1. e4 e5 2. Nf3 Nc6 3. d4 Nf6 4. d5 Na5 5. Bd3 Bd6 6. Bd2 c6 7. b4 Bc7 8. bxa5
Bxa5 9. Bxa5 Qxa5+ 10. Nbd2 Qb6 11. Rb1 Qc5 12. Nxe5 d6 13. Nb3 Qc3+ 14. Qd2
Qxe5 15. O-O c5 16. c4 Ng4 17. g3 O-O 18. f4 Qh5 19. h4 Nh6 20. Be2 Bg4 21. Bxg4
Qxg4 22. Qg2 Rfe8 23. Nd2 Qd7 24. f5 f6 25. Rb3 b6 26. Re3 Ng4 27. Ref3 Qa4 28.
Re1 Qxa2 29. Rf4 Ne5 30. g4 Nd3 31. Ref1 Nxf4 32. Rxf4 Qa1+ 33. Nf1 Qd4+ 34. Kh2
Qe5 35. Qf3 g5 36. fxg6 hxg6 37. Ng3 g5 38. Rf5 Qd4 39. Rxf6 Rf8 40. hxg5 Rxf6
41. gxf6 Rf8 42. g5 Qd2+ 43. Kh3 Qxg5 44. Nh5 Kf7 45. Qf5 Qxf5+ 46. exf5 a5 47.
Kg3 a4 48. Nf4 a3 49. Nd3 a2 50. Nc1 a1=Q 51. Nb3 Qc3+ 52. Kf4 Qxb3 0-1

[Event "Challenge"]
[Site "http://www.queenalice.com/game.php?id=1803632"]
[Date "2023.1.10"]
[Round "-"]
[White "Barbudo"]
[Black "Scar"]
[Result "1-0"]
[WhiteElo "1674"]
[BlackElo "1650"]

1. e4 e5 2. Nf3 d6 3. d4 f6 4. d5 Bd7 5. Bc4 Ne7 6. Nc3 c6 7. O-O b5 8. Bb3 a5
9. a3 a4 10. Ba2 c5 11. Ne2 c4 12. b3 axb3 13. cxb3 cxb3 14. Qxb3 Qb6 15. Nc3
Na6 16. Be3 Nc5 17. Bxc5 Qxc5 18. Rac1 Qb6 19. Rb1 Ra5 20. Qc2 g5 21. Bc4 Nc8
22. Bxb5 Bxb5 23. Nxb5 Rxb5 24. Qxc8+ Kf7 25. Nd2 Kg7 26. h3 Be7 27. Qd7 Rxb1
28. Qxe7+ Kg6 29. Rxb1 Qd4 30. Rd1 Rc8 31. Qe6 Rc2 32. Qf5+ Kg7 33. Qd7+ Kh6 34.
Qf5 Rxd2 35. Qxf6+ Kh5 36. g4+ Kh4 37. Qh6# 1-0

[Event "Challenge"]
[Site "http://www.queenalice.com/game.php?id=1803811"]
[Date "2023.1.12"]
[Round "-"]
[White "Mr_SPOCK"]
[Black "Barbudo"]
[Result "1-0"]
[WhiteElo "1679"]
[BlackElo "1702"]

1. e4 e5 2. d4 Nf6 3. Bg5 h6 4. Bh4 g5 5. dxe5 Nxe4 6. Bc4 gxh4 7. Qf3 Ng5 8.
Qc3 Bg7 9. Nf3 Nc6 10. Nbd2 O-O 11. O-O-O Re8 12. Rhe1 Nxf3 13. Nxf3 Kf8 14.
Qa3+ Qe7 15. Qd3 Nb4 16. Qh7 Nc6 17. Rd5 Nxe5 18. Rdxe5 Bxe5 19. Rxe5 Qxe5 20.
Qxf7# 1-0

[Event "Let's Play Chess!"]
[Site "http://www.queenalice.com/game.php?id=1804691"]
[Date "2023.1.28"]
[Round "-"]
[White "Charles56"]
[Black "Barbudo"]
[Result "0-1"]
[WhiteElo "1662"]
[BlackElo "1685"]

1. d4 d5 2. h3 Bf5 3. Nc3 e6 4. a3 Nf6 5. Bg5 h6 6. Bh4 g5 7. Bg3 Nc6 8. e3 Qe7
9. Bb5 Qd7 10. Nf3 a6 11. Ba4 O-O-O 12. Ne5 Qe8 13. Qe2 b5 14. Bb3 Nxe5 15. Bxe5
Bg7 16. a4 b4 17. Qxa6+ Kd7 18. Qb5+ Ke7 19. Qxb4+ Rd6 20. Bxd6+ cxd6 21. g4 Be4
22. Rf1 Bg2 23. Rg1 Bxh3 24. Rg3 Bxg4 25. f3 Bh5 26. Nb5 Qd7 27. c4 Rb8 28. cxd5
exd5 29. Rc1 Qf5 30. Qxd6+ Ke8 31. Qxb8+ Ke7 32. Qd6+ Ke8 33. Rc8+ Qxc8 34. Nc7+
Qxc7 35. Qb4 Qxg3+ 36. Kd2 Qf2+ 37. Kd3 Bg6+ 0-1

[Event "Challenge"]
[Site "http://www.queenalice.com/game.php?id=1804889"]
[Date "2023.1.28"]
[Round "-"]
[White "Barbudo"]
[Black "Mr_SPOCK"]
[Result "1-0"]
[WhiteElo "1700"]
[BlackElo "1710"]

1. e4 e5 2. d4 Bb4+ 3. Bd2 Bd6 4. d5 Nf6 5. Bd3 O-O 6. Nf3 c6 7. dxc6 Nxc6 8.
O-O Ng4 9. h3 Nf6 10. Nc3 Bc5 11. Qe1 d5 12. Bg5 Be7 13. Nxd5 Nxd5 14. exd5 Bxg5
15. dxc6 bxc6 16. Qxe5 Bf6 17. Qc5 Bb7 18. Rfd1 Qc7 19. Qh5 g6 20. Qh6 Bg7 21.
Qh4 f5 22. Ng5 h5 23. Bc4+ Rf7 24. Bxf7+ Kf8 25. Ne6+ Kxf7 26. Nxc7 Bf6 27. Qc4+
Kg7 28. Nxa8 Bxa8 29. Rd7+ Kh6 30. Qg8 Kg5 31. Qxa8 h4 32. Qxc6 a5 33. Rh7 a4
34. Qf3 Be5 35. Rd1 f4 36. Rd5 Kf6 37. Qg4 a3 38. Qxh4+ Kf5 39. f3 axb2 40. Rf7+
Ke6 41. Rxe5+ Kxe5 42. Qf6+ Kd5 43. Qxb2 g5 44. c4+ Kxc4 45. Rd7 g4 46. Qc2+ Kb5
47. Rb7+ Ka5 48. Qc5+ Ka4 49. Qb4# 1-0

[Event "Let's Play Chess!"]
[Site "http://www.queenalice.com/game.php?id=1805632"]
[Date "2023.2.12"]
[Round "-"]
[White "Charles56"]
[Black "Barbudo"]
[Result "0-1"]
[WhiteElo "1572"]
[BlackElo "1716"]

1. Nf3 d5 2. d4 Nf6 3. Nc3 e6 4. a3 Bd6 5. Bg5 h6 6. Bh4 Be7 7. e3 Nc6 8. Bb5
Bd7 9. Ba4 a6 10. O-O b5 11. Bb3 O-O 12. h3 Nh5 13. Bxe7 Qxe7 14. Re1 Qf6 15. e4
Qg6 16. Qd2 e5 17. exd5 Nf4 18. g3 Nxh3+ 19. Kg2 Nf4+ 20. Kg1 Qg4 21. Nh2 Qg5
22. Ne4 Nh3+ 23. Kg2 Nf4+ 24. Kf3 Qh5+ 25. g4 Nxd4+ 26. Ke3 Qxh2 27. f3 Ng2+ 28.
Kd3 Nxe1+ 29. Qxe1 Qh3 30. Qf2 Bxg4 31. Rg1 Bf5 32. Ba2 Bxe4+ 33. Kd2 Nxf3+ 34.
Kc1 Nxg1 35. Qxg1 Rad8 36. Qd1 Bf3 37. Qe1 Bxd5 0-1

[Event "Challenge"]
[Site "http://www.queenalice.com/game.php?id=1805975"]
[Date "2023.2.12"]
[Round "-"]
[White "Renie"]
[Black "Barbudo"]
[Result "0-1"]
[WhiteElo "1501"]
[BlackElo "1709"]

1. c4 e5 2. Nc3 Bc5 3. Nf3 Qf6 4. Ne4 Qb6 5. e3 Be7 6. d4 Nf6 7. a3 Nxe4 8. c5
Qh6 9. Nxe5 Qf6 10. Nf3 d6 11. Bd3 Bf5 12. O-O dxc5 13. Qc2 O-O 14. Bxe4 h6 15.
Nd2 Bxe4 16. Qxe4 c6 17. b4 cxb4 18. a4 Re8 19. Qf3 Qe6 20. Bb2 Bf6 21. Rac1 Qa2
22. Rb1 Qxa4 23. d5 Bxb2 24. Rxb2 Na6 25. d6 Rad8 26. Nc4 b3 27. Qf4 Nc5 28. Rd1
Re4 29. Qg3 Rxc4 30. Qe5 Nd3 31. Rbd2 Nxe5 32. g3 Nf3+ 33. Kg2 Nxd2 34. Rxd2 Rc2
0-1

[Event "Challenge"]
[Site "http://www.queenalice.com/game.php?id=1806169"]
[Date "2023.2.16"]
[Round "-"]
[White "Mr_SPOCK"]
[Black "Barbudo"]
[Result "1-0"]
[WhiteElo "1705"]
[BlackElo "1726"]

1. e4 e5 2. d4 exd4 3. Qxd4 Na6 4. e5 Nb4 5. Bd3 c5 6. Qf4 Qa5 7. Bd2 Qb6 8. Na3
Nxd3+ 9. cxd3 Qxb2 10. Ne2 Qxa1+ 11. Nc1 c4 12. O-O Qb2 13. Nxc4 Qc2 14. a4 Bc5
15. h3 Qxa4 16. Nd6+ Bxd6 17. Qxa4 Bxe5 18. Re1 f6 19. d4 Ne7 20. dxe5 fxe5 21.
Rxe5 Kd8 22. Bg5 Re8 23. Qb4 1-0

[Event "Let's Play Chess!"]
[Site "http://www.queenalice.com/game.php?id=1806478"]
[Date "2023.2.24"]
[Round "-"]
[White "Charles56"]
[Black "Barbudo"]
[Result "1-0"]
[WhiteElo "1569"]
[BlackElo "1717"]

1. e4 e5 2. a3 d5 3. exd5 Qxd5 4. Nc3 Qc6 5. Bb5 Bc5 6. Bxc6+ Nxc6 7. h3 Nf6 8.
d3 O-O 9. Be3 Be7 10. Nf3 Be6 11. g4 h6 12. g5 hxg5 13. Nxg5 Bf5 14. h4 g6 15.
f4 Ng4 16. Qe2 Nf6 17. fxe5 Nxe5 18. O-O-O b6 19. Bf4 Bg4 20. Qxe5 Bd8 21. Rde1
Nd7 22. Qd4 Bf6 23. Qc4 c5 24. Bd6 Be6 25. Nxe6 b5 26. Qxb5 Rfb8 27. Bxb8 Nxb8
28. Qe8+ Kh7 29. Qxf7+ 1-0

[Event "Let's Play 649"]
[Site "http://www.queenalice.com/game.php?id=1806994"]
[Date "2023.3.4"]
[Round "-"]
[White "digger"]
[Black "Barbudo"]
[Result "0-1"]
[WhiteElo "1528"]
[BlackElo "1697"]

1. e4 e5 2. d4 exd4 3. Qxd4 Nc6 4. Qe3 Nf6 5. Nc3 Bb4 6. Bd2 O-O 7. a3 Bxc3 8.
Bxc3 Nxe4 9. O-O-O Re8 10. Qf3 Qg5+ 11. Kb1 d5 12. h4 Qg6 13. Bd3 Nxc3+ 14. bxc3
Qd6 15. h5 Ne5 16. Qe3 h6 17. f4 Bg4 18. Re1 Nxd3 19. Qxe8+ Rxe8 20. Rxe8+ Kh7
21. cxd3 Qxa3 22. Nf3 Qb3+ 23. Ka1 Qa4+ 24. Kb2 Qxe8 25. Nd4 c5 26. Nb3 Qe2+ 27.
Ka3 Qxd3 28. Rc1 d4 29. Nxc5 Qb5 30. cxd4 a5 31. g3 Qb4+ 32. Ka2 Be6+ 33. Ka1
Qa3+ 34. Kb1 Qa2# 0-1

[Event "Challenge"]
[Site "http://www.queenalice.com/game.php?id=1807057"]
[Date "2023.3.1"]
[Round "-"]
[White "Barbudo"]
[Black "Mr_SPOCK"]
[Result "1/2-1/2"]
[WhiteElo "1695"]
[BlackElo "1738"]

1. e4 e5 2. Nf3 Nc6 3. Bb5 Nf6 4. d4 Nxe4 5. dxe5 Bb4+ 6. c3 a5 7. cxb4 axb4 8.
Bc4 Nxe5 9. Nxe5 O-O 10. Qb3 Nd6 11. Qxb4 Qf6 12. Ng4 Re8+ 13. Be3 Qg6 14. Bb3
b6 15. O-O Bb7 16. f3 h5 17. Ne5 Qf5 18. Qf4 Qxf4 19. Bxf4 h4 20. h3 Nf5 21.
Bxf7+ Kf8 22. Bxe8 Kxe8 23. Ng6 c5 24. Bg5 Ra4 25. Nc3 Rd4 26. Rad1 Kf7 27. Ne5+
Kg8 28. Nxd7 Ng3 29. Rfe1 Nf5 30. Nxb6 Kh7 31. Rxd4 cxd4 32. Nb5 d3 33. Re5 Ng3
34. Bxh4 Ne2+ 35. Rxe2 dxe2 36. Nd4 Ba6 37. Kf2 Kh6 38. Nxe2 Bxe2 39. Kxe2 g5
40. a4 gxh4 41. a5 Kg5 42. a6 Kf5 43. a7 Ke5 44. a8=Q Kd6 45. Qd5+ Kc7 46. Qe6
Kb7 47. f4 Ka6 48. f5 Kb5 49. f6 Kc5 50. f7 Kd4 51. f8=Q 1/2-1/2

[Event "Let's Play Chess!"]
[Site "http://www.queenalice.com/game.php?id=1807827"]
[Date "2023.3.15"]
[Round "-"]
[White "Charles56"]
[Black "Barbudo"]
[Result "1-0"]
[WhiteElo "1652"]
[BlackElo "1722"]

1. Nf3 d5 2. d4 Bf5 3. e3 Nc6 4. a3 e6 5. Bb5 Ne7 6. Bd2 a6 7. Ba4 b5 8. Bb3 Rb8
9. h3 b4 10. axb4 Nxb4 11. Ba4+ Nbc6 12. Ne5 Rb6 13. Ba5 Rxb2 14. Nxc6 Nxc6 15.
Bxc6+ Ke7 16. Na3 f6 17. O-O Kf7 18. c4 Qd6 19. cxd5 exd5 20. Qa4 Be7 21. Rfc1
Rhb8 22. Bxc7 Qb4 23. Bxd5+ Be6 24. Bxe6+ Kxe6 25. Qc6+ Bd6 26. Bxb8 Qxb8 27.
Qxa6 Kf7 28. Rc6 Bxa3 29. Qxa3 Qb5 30. Rc7+ Kg6 31. e4 h6 32. h4 Qe2 33. Qg3+
Kh5 34. f3 Qd2 35. Qg4# 1-0

[Event "Challenge"]
[Site "http://www.queenalice.com/game.php?id=1807842"]
[Date "2023.3.14"]
[Round "-"]
[White "Mr_SPOCK"]
[Black "Barbudo"]
[Result "0-1"]
[WhiteElo "1715"]
[BlackElo "1706"]

1. e4 e5 2. Nf3 Nc6 3. d4 exd4 4. e5 Qe7 5. Bf4 Qb4+ 6. Nc3 dxc3 7. bxc3 Qxf4 8.
Qd3 Nxe5 9. Nxe5 Qxe5+ 10. Be2 Ba3 11. O-O d5 12. Bg4 Bd6 13. Rfe1 Bxg4 14.
Rxe5+ Bxe5 15. Qxd5 Bf6 16. Re1+ Ne7 17. h3 O-O 18. hxg4 Nxd5 19. c4 Nb4 20. f4
Nxc2 21. Rb1 b6 22. a4 Ne3 23. g3 Nxc4 24. g5 Bd4+ 25. Kg2 Rfe8 26. Kh3 g6 27.
Kg4 Re2 28. Rb4 Ne3+ 29. Kh3 Rd8 30. g4 Bc5 31. Re4 Rd3 32. Re8+ Kg7 33. f5
Nxf5+ 34. Re3 Rdxe3# 0-1

[Event "Let's Play Chess!"]
[Site "http://www.queenalice.com/game.php?id=1808119"]
[Date "2023.3.23"]
[Round "-"]
[White "Barbudo"]
[Black "Charles56"]
[Result "0-1"]
[WhiteElo "1703"]
[BlackElo "1654"]

1. e4 e5 2. Nf3 d6 3. Nc3 a6 4. Bc4 Bg4 5. h3 Bh5 6. d3 Nc6 7. Be3 Nf6 8. Bg5
Be7 9. Nd5 Nxd5 10. Bxd5 h6 11. Bxe7 Qxe7 12. c3 O-O-O 13. Bxc6 bxc6 14. Qa4 Kd7
15. g4 Bg6 16. Qxa6 Bh7 17. Nd2 Rb8 18. b4 g6 19. Qc4 f5 20. d4 exd4 21. Qxd4
fxe4 22. O-O-O g5 23. Rde1 Rhe8 24. Nxe4 Bxe4 25. Rxe4 Qxe4 26. Qg7+ Re7 0-1

[Event "Challenge"]
[Site "http://www.queenalice.com/game.php?id=1808134"]
[Date "2023.3.18"]
[Round "-"]
[White "Barbudo"]
[Black "Mr_SPOCK"]
[Result "1-0"]
[WhiteElo "1685"]
[BlackElo "1643"]

1. e4 e5 2. Nf3 Nc6 3. Bc4 Nf6 4. Nc3 Bc5 5. Ng5 d5 6. exd5 Nxd5 7. Bxd5 Qxg5 8.
Qf3 O-O 9. Bxc6 Bg4 10. d3 Qh4 11. Qg3 Qh5 12. Bxb7 Rae8 13. Ne4 Be7 14. O-O Bh4
15. Qe3 f5 16. f3 f4 17. fxg4 Qxg4 18. Qh3 Qh5 19. Ng5 Rf6 20. Bd5+ Kf8 21. Ne6+
Ke7 22. Nxg7 Qg5 23. Nxe8 Rh6 24. Qf3 Kxe8 25. Qe4 Kd7 26. Rxf4 exf4 27. Bxf4
Bf2+ 28. Kxf2 Qh4+ 29. Ke3 Rg6 30. Qa4+ c6 31. Qxa7+ Ke8 32. Bf7+ Kf8 33. Bxg6
hxg6 34. Rf1 Ke8 35. Qb8+ Kd7 36. Qc7+ Ke8 37. Qxc6+ Ke7 38. Bd6+ Kd8 39. Rf8#
1-0

[Event "Let's Play 664"]
[Site "http://www.queenalice.com/game.php?id=1808793"]
[Date "2023.3.28"]
[Round "-"]
[White "digger"]
[Black "Barbudo"]
[Result "0-1"]
[WhiteElo "1482"]
[BlackElo "1699"]

1. e4 e5 2. Qf3 Nf6 3. Bc4 Nc6 4. c3 d5 5. exd5 e4 6. Qe3 Ne5 7. Bb3 Nd3+ 8. Kd1
Ng4 9. Qxe4+ Be7 10. Kc2 g6 11. Nh3 Ndxf2 12. Nxf2 Bf5 13. Ba4+ Kf8 14. Nxg4
Bxe4+ 15. Kd1 Bxg2 16. Rg1 Qxd5 17. Ne3 Bf3+ 18. Ke1 Bh4+ 19. Kf1 Qd3# 0-1